000 00317 a2200157 4500
001 180176
020 _a
040 _cMagnum
100 _aBelinky, Tatiana
240 1 0 _aO caso dos ovos
_lpor
245 1 0 _aO caso dos ovos
362 0 _a1899
440 1 _aÁtica
697 _aMAGNITO: I/ANIMAIS
942 _cBK
999 _c180176
_d180176